[Event "Deutsche Ländermeisterschaft 2023"]
[Site "Hannover GER"]
[Date "2023.10.03"]
[Round "4"]
[White "Heinrich, John"]
[Black "Pikalow, Michael"]
[Result "1-0"]
[Termination "normal"]
[Board "3.2"]
[WhiteElo "2280"]
[BlackElo "2035"]
[WhiteClock "00:07:48"]
[BlackClock "00:01:24"]
[WhiteTeam "Sachsen"]
[BlackTeam "Sachsen-Anhalt"]
[PlyCount "137"]
[WhiteFideId "16259491"]
[BlackFideId "16227638"]
[EventCountry "GER"]
[EventRounds "7"]
[EventType "team-swiss"]
[EventDate "2023.09.30"]

1. e4 {[%clk 01:30:56]} {[%emt 00:00:03]} d5 {[%clk 01:30:03]} {[%emt
00:00:58]} 2. exd5 {[%clk 01:30:54]} {[%emt 00:00:32]} Nf6 {[%clk 01:30:30]}
{[%emt 00:00:02]} 3. Nf3 {[%clk 01:27:52]} {[%emt 00:03:32]} Qxd5 {[%clk
01:30:56]} {[%emt 00:00:04]} 4. Nc3 {[%clk 01:27:12]} {[%emt 00:01:10]} Qh5
{[%clk 01:30:57]} {[%emt 00:00:29]} 5. Be2 {[%clk 01:17:40]} {[%emt 00:10:01]}
Bg4 {[%clk 01:30:50]} {[%emt 00:00:37]} 6. h3 {[%clk 01:06:15]} {[%emt
00:11:55]} Nc6 {[%clk 01:30:13]} {[%emt 00:01:07]} 7. Rg1 {[%clk 01:02:42]}
{[%emt 00:04:03]} Bxf3 {[%clk 01:19:44]} {[%emt 00:10:59]} 8. Bxf3 {[%clk
01:03:02]} {[%emt 00:00:09]} Qc5 {[%clk 01:17:43]} {[%emt 00:02:32]} 9. d3
{[%clk 00:50:59]} {[%emt 00:12:33]} O-O-O {[%clk 01:15:20]} {[%emt 00:02:53]}
10. Be3 {[%clk 00:41:17]} {[%emt 00:10:12]} Nd4 {[%clk 01:13:32]} {[%emt
00:02:18]} 11. Bxd4 {[%clk 00:34:17]} {[%emt 00:07:30]} Qxd4 {[%clk 01:10:58]}
{[%emt 00:03:04]} 12. Qe2 {[%clk 00:29:19]} {[%emt 00:05:28]} e5 {[%clk
01:08:46]} {[%emt 00:02:42]} 13. Kf1 {[%clk 00:27:26]} {[%emt 00:02:23]} Bc5
{[%clk 01:04:12]} {[%emt 00:05:04]} 14. g3 {[%clk 00:23:40]} {[%emt 00:04:16]}
h5 {[%clk 01:01:03]} {[%emt 00:03:39]} 15. Kg2 {[%clk 00:22:23]} {[%emt
00:01:47]} g5 {[%clk 00:59:06]} {[%emt 00:02:27]} 16. Be4 {[%clk 00:19:11]}
{[%emt 00:03:42]} Nxe4 {[%clk 00:52:02]} {[%emt 00:07:34]} 17. Nxe4 {[%clk
00:17:13]} {[%emt 00:02:28]} f5 {[%clk 00:33:16]} {[%emt 00:19:16]} 18. Nxg5
{[%clk 00:15:39]} {[%emt 00:02:04]} Qd5+ {[%clk 00:33:14]} {[%emt 00:00:32]}
19. Qf3 {[%clk 00:10:41]} {[%emt 00:05:27]} e4 {[%clk 00:31:58]} {[%emt
00:01:45]} 20. dxe4 {[%clk 00:11:01]} {[%emt 00:00:10]} fxe4 {[%clk 00:32:26]}
{[%emt 00:00:02]} 21. Nxe4 {[%clk 00:09:04]} {[%emt 00:02:27]} Rdf8 {[%clk
00:31:05]} {[%emt 00:01:52]} 22. Rad1 {[%clk 00:07:15]} {[%emt 00:02:19]} Qc6
{[%clk 00:29:30]} {[%emt 00:02:05]} 23. Qd3 {[%clk 00:07:09]} {[%emt 00:00:36]}
Rxf2+ {[%clk 00:21:51]} {[%emt 00:08:09]} 24. Kh1 {[%clk 00:07:38]} {[%emt
00:00:01]} Re8 {[%clk 00:15:39]} {[%emt 00:06:42]} 25. Rge1 {[%clk 00:07:51]}
{[%emt 00:00:18]} Rf5 {[%clk 00:09:47]} {[%emt 00:06:22]} 26. Re2 {[%clk
00:07:10]} {[%emt 00:01:11]} Ref8 {[%clk 00:07:46]} {[%emt 00:02:30]} 27. Kh2
{[%clk 00:06:32]} {[%emt 00:01:09]} h4 {[%clk 00:07:06]} {[%emt 00:01:11]} 28.
g4 {[%clk 00:06:13]} {[%emt 00:00:48]} Rf3 {[%clk 00:04:45]} {[%emt 00:02:51]}
29. Qd5 {[%clk 00:06:05]} {[%emt 00:00:38]} Bb6 {[%clk 00:00:37]} {[%emt
00:04:38]} 30. Qxc6 {[%clk 00:06:08]} {[%emt 00:00:28]} bxc6 {[%clk 00:01:06]}
{[%emt 00:00:01]} 31. Kg2 {[%clk 00:06:12]} {[%emt 00:00:26]} R3f4 {[%clk
00:01:01]} {[%emt 00:00:35]} 32. c4 {[%clk 00:06:16]} {[%emt 00:00:26]} Rxe4
{[%clk 00:00:46]} {[%emt 00:00:46]} 33. Rxe4 {[%clk 00:06:38]} {[%emt
00:00:08]} Rf2+ {[%clk 00:01:14]} {[%emt 00:00:01]} 34. Kh1 {[%clk 00:06:43]}
{[%emt 00:00:24]} Rf3 {[%clk 00:01:27]} {[%emt 00:00:17]} 35. Rd2 {[%clk
00:04:48]} {[%emt 00:02:26]} Bc5 {[%clk 00:00:36]} {[%emt 00:01:22]} 36. g5
{[%clk 00:03:26]} {[%emt 00:01:51]} Rxh3+ {[%clk 00:01:00]} {[%emt 00:00:06]}
37. Rh2 {[%clk 00:02:27]} {[%emt 00:01:29]} Rg3 {[%clk 00:01:28]} {[%emt
00:00:02]} 38. Rhxh4 {[%clk 00:02:36]} {[%emt 00:00:22]} Rg1+ {[%clk 00:01:09]}
{[%emt 00:00:49]} 39. Kh2 {[%clk 00:03:01]} {[%emt 00:00:04]} Rxg5 {[%clk
00:01:37]} {[%emt 00:00:02]} 40. Rhg4 {[%clk 00:02:04]} {[%emt 00:01:27]} Rf5
{[%clk 00:01:31]} {[%emt 00:00:36]} 41. Re2 {[%clk 00:01:30]} {[%emt 00:01:04]}
Kb7 {[%clk 00:27:13]} {[%emt 00:04:48]} 42. Kg2 {[%clk 00:31:26]} {[%emt
00:00:34]} Kb6 {[%clk 00:25:57]} {[%emt 00:01:46]} 43. Rg3 {[%clk 00:28:15]}
{[%emt 00:03:41]} Bd6 {[%clk 00:25:03]} {[%emt 00:01:24]} 44. Rb3+ {[%clk
00:21:30]} {[%emt 00:07:15]} Kc5 {[%clk 00:22:39]} {[%emt 00:02:54]} 45. Re4
{[%clk 00:21:28]} {[%emt 00:00:31]} a5 {[%clk 00:19:26]} {[%emt 00:03:43]} 46.
Rb8 {[%clk 00:17:06]} {[%emt 00:04:52]} Be5 {[%clk 00:16:27]} {[%emt 00:03:30]}
47. a3 {[%clk 00:11:18]} {[%emt 00:06:18]} Bd4 {[%clk 00:13:53]} {[%emt
00:03:03]} 48. b3 {[%clk 00:07:37]} {[%emt 00:04:11]} Bc3 {[%clk 00:09:56]}
{[%emt 00:04:28]} 49. Kg3 {[%clk 00:06:05]} {[%emt 00:02:02]} Rf1 {[%clk
00:08:59]} {[%emt 00:01:26]} 50. Kg4 {[%clk 00:05:31]} {[%emt 00:01:04]} Ra1
{[%clk 00:07:51]} {[%emt 00:01:39]} 51. a4 {[%clk 00:05:29]} {[%emt 00:00:32]}
Rf1 {[%clk 00:07:38]} {[%emt 00:00:42]} 52. Rf4 {[%clk 00:05:38]} {[%emt
00:00:22]} Rg1+ {[%clk 00:06:41]} {[%emt 00:01:27]} 53. Kf5 {[%clk 00:05:47]}
{[%emt 00:00:21]} Bb4 {[%clk 00:04:49]} {[%emt 00:02:22]} 54. Rf3 {[%clk
00:05:58]} {[%emt 00:00:19]} Re1 {[%clk 00:04:59]} {[%emt 00:00:21]} 55. Rd3
{[%clk 00:05:37]} {[%emt 00:00:51]} Re7 {[%clk 00:03:53]} {[%emt 00:01:35]} 56.
Kf6 {[%clk 00:05:52]} {[%emt 00:00:15]} Re1 {[%clk 00:04:18]} {[%emt 00:00:04]}
57. Kf7 {[%clk 00:06:14]} {[%emt 00:00:08]} Re2 {[%clk 00:04:05]} {[%emt
00:00:44]} 58. Re8 {[%clk 00:06:05]} {[%emt 00:00:39]} Rf2+ {[%clk 00:04:01]}
{[%emt 00:00:34]} 59. Ke6 {[%clk 00:06:16]} {[%emt 00:00:19]} Re2+ {[%clk
00:02:44]} {[%emt 00:01:48]} 60. Kd7 {[%clk 00:06:39]} {[%emt 00:00:06]} Rxe8
{[%clk 00:03:07]} {[%emt 00:00:07]} 61. Kxe8 {[%clk 00:07:02]} {[%emt
00:00:08]} Kb6 {[%clk 00:03:11]} {[%emt 00:00:27]} 62. Kd7 {[%clk 00:07:14]}
{[%emt 00:00:17]} Bc5 {[%clk 00:02:58]} {[%emt 00:00:43]} 63. Rg3 {[%clk
00:07:13]} {[%emt 00:00:30]} Bd6 {[%clk 00:02:17]} {[%emt 00:01:12]} 64. Rg5
{[%clk 00:07:37]} {[%emt 00:00:05]} Bf4 {[%clk 00:01:33]} {[%emt 00:01:14]} 65.
c5+ {[%clk 00:07:31]} {[%emt 00:00:37]} Kb7 {[%clk 00:01:26]} {[%emt 00:00:37]}
66. Rg6 {[%clk 00:07:54]} {[%emt 00:00:06]} Be5 {[%clk 00:01:33]} {[%emt
00:00:23]} 67. Rxc6 {[%clk 00:08:16]} {[%emt 00:00:09]} Bf4 {[%clk 00:01:20]}
{[%emt 00:00:43]} 68. Rf6 {[%clk 00:08:11]} {[%emt 00:00:34]} Be3 {[%clk
00:01:24]} {[%emt 00:00:26]} 69. Rf5 {[%clk 00:07:48]} {[%emt 00:00:52]} 1-0

[Event "Deutsche Ländermeisterschaft 2023"]
[Site "Hannover GER"]
[Date "2023.10.03"]
[Round "4"]
[White "Herter, Arne"]
[Black "Lutz, Ruben"]
[Result "1/2-1/2"]
[Termination "normal"]
[Board "3.3"]
[WhiteElo "2039"]
[BlackElo "2218"]
[WhiteClock "00:05:18"]
[BlackClock "00:01:32"]
[WhiteTeam "Sachsen-Anhalt"]
[BlackTeam "Sachsen"]
[PlyCount "140"]
[WhiteFideId "16255372"]
[BlackFideId "12975974"]
[EventCountry "GER"]
[EventRounds "7"]
[EventType "team-swiss"]
[EventDate "2023.09.30"]

1. e4 {[%clk 01:30:59]} c6 {[%clk 01:30:55]} {[%emt 00:00:05]} 2. d4 {[%clk
01:31:24]} {[%emt 00:00:05]} d5 {[%clk 01:31:22]} {[%emt 00:00:03]} 3. Nc3
{[%clk 01:31:46]} {[%emt 00:00:08]} dxe4 {[%clk 01:31:48]} {[%emt 00:00:04]} 4.
Nxe4 {[%clk 01:32:07]} {[%emt 00:00:09]} Bf5 {[%clk 01:32:15]} {[%emt
00:00:03]} 5. Ng3 {[%clk 01:32:25]} {[%emt 00:00:13]} Bg6 {[%clk 01:32:41]}
{[%emt 00:00:03]} 6. Nf3 {[%clk 01:32:42]} {[%emt 00:00:13]} e6 {[%clk
01:31:44]} {[%emt 00:01:27]} 7. Bc4 {[%clk 01:32:55]} {[%emt 00:00:17]} Nf6
{[%clk 01:27:27]} {[%emt 00:04:46]} 8. O-O {[%clk 01:32:37]} {[%emt 00:00:48]}
Nbd7 {[%clk 01:23:05]} {[%emt 00:04:53]} 9. Re1 {[%clk 01:32:48]} {[%emt
00:00:19]} Be7 {[%clk 01:21:53]} {[%emt 00:01:42]} 10. Nh4 {[%clk 01:32:51]}
{[%emt 00:00:28]} Qc7 {[%clk 01:11:42]} {[%emt 00:10:41]} 11. Bb3 {[%clk
01:21:53]} {[%emt 00:11:28]} O-O {[%clk 01:04:49]} {[%emt 00:07:23]} 12. Nxg6
{[%clk 01:22:10]} {[%emt 00:00:14]} hxg6 {[%clk 01:05:15]} {[%emt 00:00:04]}
13. Qf3 {[%clk 01:18:31]} {[%emt 00:04:08]} Rfe8 {[%clk 00:58:48]} {[%emt
00:06:57]} 14. Bf4 {[%clk 01:15:04]} {[%emt 00:03:57]} Bd6 {[%clk 00:57:40]}
{[%emt 00:01:38]} 15. Bg5 {[%clk 01:15:10]} {[%emt 00:00:24]} Qa5 {[%clk
00:54:48]} {[%emt 00:03:21]} 16. h4 {[%clk 01:10:40]} {[%emt 00:05:01]} Rac8
{[%clk 00:48:57]} {[%emt 00:06:21]} 17. Rad1 {[%clk 01:06:07]} {[%emt
00:05:03]} c5 {[%clk 00:34:49]} {[%emt 00:14:38]} 18. dxc5 {[%clk 01:01:01]}
{[%emt 00:05:35]} Bxg3 {[%clk 00:35:02]} {[%emt 00:00:18]} 19. Qxg3 {[%clk
00:57:10]} {[%emt 00:04:21]} Nxc5 {[%clk 00:35:23]} {[%emt 00:00:10]} 20. Bxf6
{[%clk 00:54:06]} {[%emt 00:03:34]} gxf6 {[%clk 00:35:49]} {[%emt 00:00:04]}
21. Bc4 {[%clk 00:51:00]} {[%emt 00:03:36]} b5 {[%clk 00:33:14]} {[%emt
00:03:05]} 22. Bf1 {[%clk 00:49:44]} {[%emt 00:01:45]} Qb4 {[%clk 00:24:02]}
{[%emt 00:09:42]} 23. h5 {[%clk 00:45:07]} {[%emt 00:05:08]} Kg7 {[%clk
00:23:23]} {[%emt 00:01:09]} 24. hxg6 {[%clk 00:44:52]} {[%emt 00:00:45]} fxg6
{[%clk 00:23:52]} {[%emt 00:00:01]} 25. b3 {[%clk 00:40:29]} {[%emt 00:04:53]}
Qa5 {[%clk 00:13:40]} {[%emt 00:10:41]} 26. a3 {[%clk 00:34:53]} {[%emt
00:06:07]} b4 {[%clk 00:10:48]} {[%emt 00:03:22]} 27. c3 {[%clk 00:34:06]}
{[%emt 00:01:17]} Qc7 {[%clk 00:06:04]} {[%emt 00:05:14]} 28. cxb4 {[%clk
00:31:21]} {[%emt 00:03:15]} Nb7 {[%clk 00:01:32]} {[%emt 00:05:02]} 29. Qe3
{[%clk 00:25:44]} {[%emt 00:06:07]} Nd6 {[%clk 00:01:02]} {[%emt 00:00:59]} 30.
Qc5 {[%clk 00:20:04]} {[%emt 00:06:10]} Nf5 {[%clk 00:00:43]} {[%emt 00:00:50]}
31. Bb5 {[%clk 00:18:21]} {[%emt 00:02:13]} Re7 {[%clk 00:00:53]} {[%emt
00:00:21]} 32. Rc1 {[%clk 00:14:12]} {[%emt 00:04:39]} e5 {[%clk 00:01:10]}
{[%emt 00:00:13]} 33. a4 {[%clk 00:06:24]} {[%emt 00:08:18]} Nd4 {[%clk
00:00:49]} {[%emt 00:00:51]} 34. Ba6 {[%clk 00:05:34]} {[%emt 00:01:20]} Qxc5
{[%clk 00:01:06]} {[%emt 00:00:14]} 35. bxc5 {[%clk 00:06:01]} {[%emt
00:00:03]} Rb8 {[%clk 00:00:46]} {[%emt 00:00:50]} 36. Rc4 {[%clk 00:02:40]}
{[%emt 00:03:51]} Nxb3 {[%clk 00:00:35]} {[%emt 00:00:41]} 37. Rb1 {[%clk
00:02:51]} {[%emt 00:00:19]} Rc7 {[%clk 00:00:33]} {[%emt 00:00:32]} 38. Rc3
{[%clk 00:02:36]} {[%emt 00:00:45]} Rc6 {[%clk 00:00:34]} {[%emt 00:00:29]} 39.
Bb5 {[%clk 00:02:54]} {[%emt 00:00:13]} Nd2 {[%clk 00:00:37]} {[%emt 00:00:26]}
40. Re1 {[%clk 00:00:52]} {[%emt 00:02:32]} Rc7 {[%clk 00:00:35]} {[%emt
00:00:32]} 41. Rd3 {[%clk 00:21:35]} {[%emt 00:09:47]} a6 {[%clk 00:23:54]}
{[%emt 00:07:11]} 42. Bxa6 {[%clk 00:21:11]} {[%emt 00:00:53]} Nb3 {[%clk
00:22:46]} {[%emt 00:01:38]} 43. Rb1 {[%clk 00:19:27]} {[%emt 00:02:14]} Ra8
{[%clk 00:17:27]} {[%emt 00:05:48]} 44. Rdxb3 {[%clk 00:15:33]} {[%emt
00:04:23]} Rxa6 {[%clk 00:17:53]} {[%emt 00:00:05]} 45. Rb7 {[%clk 00:15:54]}
{[%emt 00:00:10]} Rac6 {[%clk 00:15:41]} {[%emt 00:02:42]} 46. a5 {[%clk
00:10:43]} {[%emt 00:05:40]} Rxc5 {[%clk 00:15:59]} {[%emt 00:00:13]} 47. a6
{[%clk 00:11:07]} {[%emt 00:00:06]} Kh6 {[%clk 00:16:23]} {[%emt 00:00:06]} 48.
Rxc7 {[%clk 00:10:30]} {[%emt 00:01:08]} Rxc7 {[%clk 00:16:52]} {[%emt
00:00:01]} 49. Ra1 {[%clk 00:10:53]} {[%emt 00:00:06]} Ra7 {[%clk 00:16:26]}
{[%emt 00:00:56]} 50. Kf1 {[%clk 00:10:21]} {[%emt 00:01:02]} Kg5 {[%clk
00:15:27]} {[%emt 00:01:28]} 51. Ke2 {[%clk 00:09:24]} {[%emt 00:01:28]} Kf5
{[%clk 00:08:17]} {[%emt 00:07:40]} 52. Kd3 {[%clk 00:09:41]} {[%emt 00:00:13]}
Ke6 {[%clk 00:08:43]} {[%emt 00:00:04]} 53. Kc4 {[%clk 00:10:04]} {[%emt
00:00:07]} Kd6 {[%clk 00:05:57]} {[%emt 00:03:16]} 54. Kb5 {[%clk 00:10:26]}
{[%emt 00:00:07]} Kc7 {[%clk 00:06:23]} {[%emt 00:00:04]} 55. Rh1 {[%clk
00:10:31]} {[%emt 00:00:25]} e4 {[%clk 00:00:52]} {[%emt 00:06:01]} 56. Rh7+
{[%clk 00:09:40]} {[%emt 00:01:21]} Kb8 {[%clk 00:01:21]} 57. Rh8+ {[%clk
00:09:43]} {[%emt 00:00:27]} Kc7 {[%clk 00:01:51]} 58. Rg8 {[%clk 00:07:47]}
{[%emt 00:02:26]} f5 {[%clk 00:01:33]} {[%emt 00:00:48]} 59. Rxg6 {[%clk
00:05:26]} {[%emt 00:02:51]} Ra8 {[%clk 00:01:58]} {[%emt 00:00:05]} 60. Rg7+
{[%clk 00:05:44]} {[%emt 00:00:12]} Kd6 {[%clk 00:02:27]} 61. a7 {[%clk
00:05:51]} {[%emt 00:00:23]} f4 {[%clk 00:01:39]} {[%emt 00:01:19]} 62. Kb6
{[%clk 00:04:52]} {[%emt 00:01:29]} e3 {[%clk 00:02:05]} {[%emt 00:00:03]} 63.
fxe3 {[%clk 00:05:14]} {[%emt 00:00:08]} fxe3 {[%clk 00:02:34]} {[%emt
00:00:01]} 64. Rh7 {[%clk 00:05:22]} {[%emt 00:00:23]} Re8 {[%clk 00:01:13]}
{[%emt 00:01:50]} 65. Kb7 {[%clk 00:03:57]} {[%emt 00:01:55]} e2 {[%clk
00:00:56]} {[%emt 00:00:47]} 66. Rh1 {[%clk 00:04:23]} {[%emt 00:00:04]} Re7+
{[%clk 00:00:37]} {[%emt 00:00:49]} 67. Kb6 {[%clk 00:04:40]} {[%emt 00:00:13]}
e1=Q {[%clk 00:00:38]} {[%emt 00:00:30]} 68. Rxe1 {[%clk 00:04:57]} {[%emt
00:00:14]} Rxe1 {[%clk 00:01:04]} {[%emt 00:00:03]} 69. a8=Q {[%clk 00:05:18]}
{[%emt 00:00:09]} Rb1+ {[%clk 00:01:32]} {[%emt 00:00:03]} 70. Ka7 {[%emt
00:00:12]} Ra1+ 1/2-1/2

[Event "Deutsche Ländermeisterschaft 2023"]
[Site "Hannover GER"]
[Date "2023.10.03"]
[Round "4"]
[White "Neuhoff, Laertes"]
[Black "Udelnov, Valentin"]
[Result "1/2-1/2"]
[Termination "normal"]
[Board "3.4"]
[WhiteElo "1993"]
[BlackElo "2054"]
[WhiteClock "00:40:38"]
[BlackClock "00:08:21"]
[WhiteTeam "Sachsen"]
[BlackTeam "Sachsen-Anhalt"]
[PlyCount "102"]
[WhiteFideId "16279719"]
[BlackFideId "16265734"]
[EventCountry "GER"]
[EventRounds "7"]
[EventType "team-swiss"]
[EventDate "2023.09.30"]

1. e4 {[%clk 01:30:59]} {[%emt 19:50:21]} e5 {[%clk 01:30:55]} {[%emt
00:00:06]} 2. Nf3 {[%clk 01:31:26]} {[%emt 00:00:04]} Nc6 {[%clk 01:31:21]}
{[%emt 00:00:03]} 3. Bc4 {[%clk 01:31:50]} {[%emt 00:00:06]} Bc5 {[%clk
01:31:46]} {[%emt 00:00:05]} 4. c3 {[%clk 01:32:16]} {[%emt 00:00:04]} Nf6
{[%clk 01:32:04]} {[%emt 00:00:11]} 5. d4 {[%clk 01:32:40]} {[%emt 00:00:06]}
exd4 {[%clk 01:32:28]} {[%emt 00:00:06]} 6. e5 {[%clk 01:33:00]} {[%emt
00:00:10]} d5 {[%clk 01:32:53]} {[%emt 00:00:05]} 7. Bb5 {[%clk 01:33:25]}
{[%emt 00:00:06]} Ne4 {[%clk 01:33:15]} {[%emt 00:00:07]} 8. cxd4 {[%clk
01:33:49]} {[%emt 00:00:06]} Bb6 {[%clk 01:33:36]} {[%emt 00:00:09]} 9. Nc3
{[%clk 01:34:12]} {[%emt 00:00:08]} Bg4 {[%clk 01:31:39]} {[%emt 00:02:27]} 10.
Be3 {[%clk 01:34:27]} {[%emt 00:00:15]} O-O {[%clk 01:31:30]} {[%emt 00:00:39]}
11. h3 {[%clk 01:34:44]} {[%emt 00:00:12]} Bh5 {[%clk 01:28:50]} {[%emt
00:03:10]} 12. Qc2 {[%clk 01:35:07]} {[%emt 00:00:07]} Ba5 {[%clk 01:23:42]}
{[%emt 00:05:38]} 13. O-O {[%clk 01:34:38]} {[%emt 00:00:59]} Bxc3 {[%clk
01:04:24]} {[%emt 00:19:48]} 14. bxc3 {[%clk 01:34:35]} {[%emt 00:00:33]} f5
{[%clk 01:02:06]} {[%emt 00:02:48]} 15. exf6 {[%clk 01:19:34]} {[%emt
00:15:30]} Rxf6 {[%clk 00:58:21]} {[%emt 00:04:16]} 16. Nd2 {[%clk 01:17:54]}
{[%emt 00:02:10]} Bg6 {[%clk 00:53:12]} {[%emt 00:05:39]} 17. Nxe4 {[%clk
01:13:02]} {[%emt 00:05:22]} Bxe4 {[%clk 00:53:28]} {[%emt 00:00:13]} 18. Qd2
{[%clk 01:13:17]} {[%emt 00:00:15]} Rg6 {[%clk 00:50:38]} {[%emt 00:03:20]} 19.
f3 {[%clk 01:07:14]} {[%emt 00:06:33]} Bf5 {[%clk 00:51:00]} {[%emt 00:00:09]}
20. Kh2 {[%clk 01:07:12]} {[%emt 00:00:31]} a6 {[%clk 00:40:52]} {[%emt
00:10:38]} 21. Be2 {[%clk 01:05:17]} {[%emt 00:02:25]} Qe7 {[%clk 00:30:21]}
{[%emt 00:11:01]} 22. Rae1 {[%clk 01:03:59]} {[%emt 00:01:48]} Re8 {[%clk
00:24:19]} {[%emt 00:06:33]} 23. Bf2 {[%clk 00:57:34]} {[%emt 00:06:54]} Qd6+
{[%clk 00:13:24]} {[%emt 00:11:25]} 24. Kh1 {[%clk 00:57:05]} {[%emt 00:01:00]}
Rh6 {[%clk 00:09:45]} {[%emt 00:04:09]} 25. Bd3 {[%clk 00:52:58]} {[%emt
00:04:36]} Rxe1 {[%clk 00:09:46]} {[%emt 00:00:30]} 26. Bxe1 {[%clk 00:50:05]}
{[%emt 00:03:23]} Ne7 {[%clk 00:08:51]} {[%emt 00:01:24]} 27. Bxf5 {[%clk
00:44:36]} {[%emt 00:05:59]} Nxf5 {[%clk 00:09:17]} {[%emt 00:00:04]} 28. Bf2
{[%clk 00:44:47]} {[%emt 00:00:19]} Re6 {[%clk 00:04:58]} {[%emt 00:04:50]} 29.
Qg5 {[%clk 00:41:49]} {[%emt 00:03:28]} g6 {[%clk 00:04:13]} {[%emt 00:01:15]}
30. Re1 {[%clk 00:39:53]} {[%emt 00:02:26]} Rxe1+ {[%clk 00:04:39]} {[%emt
00:00:04]} 31. Bxe1 {[%clk 00:40:21]} {[%emt 00:00:02]} Kg7 {[%clk 00:03:51]}
{[%emt 00:01:18]} 32. g4 {[%clk 00:32:04]} {[%emt 00:08:47]} Qe7 {[%clk
00:02:16]} {[%emt 00:02:06]} 33. Qd2 {[%clk 00:28:51]} {[%emt 00:03:42]} Ne3
{[%clk 00:01:59]} {[%emt 00:00:47]} 34. Bg3 {[%clk 00:28:59]} {[%emt 00:00:22]}
Nc4 {[%clk 00:02:22]} {[%emt 00:00:08]} 35. Qf4 {[%clk 00:28:48]} {[%emt
00:00:40]} c6 {[%clk 00:02:41]} {[%emt 00:00:12]} 36. Qb8 {[%clk 00:28:01]}
{[%emt 00:01:17]} a5 {[%clk 00:02:23]} {[%emt 00:00:48]} 37. Be5+ {[%clk
00:25:00]} {[%emt 00:03:30]} Nxe5 {[%clk 00:01:30]} {[%emt 00:01:23]} 38. dxe5
{[%clk 00:25:22]} {[%emt 00:00:09]} g5 {[%clk 00:01:08]} {[%emt 00:00:52]} 39.
Kg2 {[%clk 00:24:36]} {[%emt 00:01:15]} h6 {[%clk 00:01:29]} {[%emt 00:00:09]}
40. Kf1 {[%clk 00:24:19]} {[%emt 00:00:47]} Qf7 {[%clk 00:01:13]} {[%emt
00:00:46]} 41. Ke2 {[%clk 00:23:28]} {[%emt 00:01:20]} Qe7 {[%clk 00:14:13]}
{[%emt 00:17:31]} 42. Kd3 {[%clk 00:46:57]} {[%emt 00:07:00]} c5 {[%clk
00:13:34]} {[%emt 00:01:10]} 43. a4 {[%clk 00:45:55]} {[%emt 00:01:32]} Qf7
{[%clk 00:10:56]} {[%emt 00:03:09]} 44. Ke2 {[%clk 00:44:59]} {[%emt 00:01:26]}
d4 {[%clk 00:09:14]} {[%emt 00:02:11]} 45. Qd6 {[%clk 00:43:31]} {[%emt
00:01:58]} Qc4+ {[%clk 00:08:37]} {[%emt 00:01:07]} 46. Kf2 {[%clk 00:42:42]}
{[%emt 00:01:18]} dxc3 {[%clk 00:08:51]} {[%emt 00:00:17]} 47. Qd7+ {[%clk
00:42:53]} {[%emt 00:00:19]} Kf8 {[%clk 00:08:28]} {[%emt 00:00:52]} 48. Qd8+
{[%clk 00:42:49]} {[%emt 00:00:34]} Kg7 {[%clk 00:08:07]} {[%emt 00:00:51]} 49.
Qf6+ {[%clk 00:40:15]} {[%emt 00:03:04]} Kg8 {[%clk 00:08:16]} {[%emt
00:00:21]} 50. Qd8+ {[%clk 00:40:33]} {[%emt 00:00:11]} Kg7 {[%clk 00:07:55]}
{[%emt 00:00:52]} 51. Qf6+ {[%clk 00:40:38]} {[%emt 00:00:25]} Kg8 {[%clk
00:08:21]} {[%emt 00:00:04]} 1/2-1/2